[Event "DEM U12w 2025"]
[Site "Willingen GER"]
[Date "2025.06.09"]
[Round "3"]
[White "Hendler, Felicitas"]
[Black "Döscher, Nayla"]
[Result "1/2-1/2"]
[Termination "normal"]
[Board "14"]
[WhiteElo "1519"]
[BlackElo "1495"]
[WhiteClock "00:13:58"]
[BlackClock "00:00:42"]
[PlyCount "75"]
[WhiteFideId "34616519"]
[BlackFideId "34625046"]
[EventCountry "GER"]
[EventRounds "9"]
[EventType "swiss"]
[EventDate "2025.06.07"]

1. e4 {[%clk 01:30:47]} {[%emt 00:00:12]} e5 {[%clk 01:30:59]} {[%emt
00:00:02]} 2. Nf3 {[%clk 01:30:23]} {[%emt 00:00:53]} Nc6 {[%clk 01:31:17]}
{[%emt 00:00:14]} 3. Bc4 {[%clk 01:29:11]} {[%emt 00:01:41]} Bc5 {[%clk
01:31:30]} {[%emt 00:00:17]} 4. c3 {[%clk 01:27:44]} {[%emt 00:01:58]} Bb6
{[%clk 01:27:01]} {[%emt 00:04:58]} 5. d4 {[%clk 01:23:05]} {[%emt 00:05:09]}
exd4 {[%clk 01:26:06]} {[%emt 00:01:25]} 6. cxd4 {[%clk 01:22:21]} {[%emt
00:01:13]} Nf6 {[%clk 01:17:18]} {[%emt 00:09:19]} 7. Nc3 {[%clk 01:17:27]} d6
{[%clk 01:15:13]} {[%emt 00:07:59]} 8. Ng5 {[%clk 01:09:56]} O-O {[%clk
01:14:01]} {[%emt 00:09:42]} 9. e5 {[%clk 01:04:25]} dxe5 {[%clk 01:05:45]}
{[%emt 00:14:48]} 10. dxe5 {[%clk 01:01:06]} Qxd1+ {[%clk 01:04:39]} {[%emt
00:05:25]} 11. Nxd1 {[%clk 01:01:11]} {[%emt 00:00:24]} Nxe5 {[%clk 01:03:44]}
{[%emt 00:01:27]} 12. b3 {[%clk 01:00:23]} {[%emt 00:01:17]} Nxc4 {[%clk
01:02:03]} {[%emt 00:02:11]} 13. bxc4 {[%clk 01:00:37]} {[%emt 00:00:16]} Re8+
{[%clk 00:58:39]} {[%emt 00:03:54]} 14. Be3 {[%clk 01:00:25]} {[%emt 00:00:42]}
Ba5+ {[%clk 00:55:25]} {[%emt 00:03:45]} 15. Kf1 {[%clk 01:00:06]} {[%emt
00:00:48]} Bf5 {[%clk 00:53:46]} {[%emt 00:02:09]} 16. Nf3 {[%clk 00:53:59]}
{[%emt 00:06:36]} Bd3+ {[%clk 00:52:58]} 17. Kg1 {[%clk 00:54:15]} {[%emt
00:01:32]} Bxc4 {[%clk 00:51:28]} {[%emt 00:02:01]} 18. h4 {[%clk 00:53:50]}
{[%emt 00:00:55]} Rad8 {[%clk 00:49:42]} {[%emt 00:02:17]} 19. h5 {[%clk
00:52:57]} {[%emt 00:01:23]} h6 {[%clk 00:42:43]} {[%emt 00:07:28]} 20. Rh4
{[%clk 00:49:37]} {[%emt 00:03:49]} Be2 {[%clk 00:38:56]} {[%emt 00:04:18]} 21.
Rd4 {[%clk 00:48:58]} {[%emt 00:01:09]} Rxd4 {[%clk 00:34:23]} {[%emt
00:05:03]} 22. Nxd4 {[%clk 00:49:03]} {[%emt 00:00:26]} Rd8 {[%clk 00:32:45]}
{[%emt 00:02:07]} 23. Nxe2 {[%clk 00:48:11]} {[%emt 00:01:21]} Nxh5 {[%clk
00:30:26]} {[%emt 00:02:50]} 24. Nf4 {[%clk 00:44:52]} {[%emt 00:03:49]} Nf6
{[%clk 00:29:26]} {[%emt 00:01:30]} 25. Rb1 {[%clk 00:40:15]} {[%emt 00:05:07]}
Ne4 {[%clk 00:26:17]} {[%emt 00:03:39]} 26. f3 {[%clk 00:37:03]} {[%emt
00:03:41]} Nf6 {[%clk 00:23:17]} {[%emt 00:03:31]} 27. Nb2 {[%clk 00:36:22]}
{[%emt 00:01:11]} g5 {[%clk 00:22:35]} {[%emt 00:01:12]} 28. Ne2 {[%clk
00:35:15]} {[%emt 00:01:36]} Re8 {[%clk 00:17:21]} {[%emt 00:05:44]} 29. Nc4
{[%clk 00:33:30]} {[%emt 00:02:16]} b6 {[%clk 00:16:58]} {[%emt 00:00:54]} 30.
Ng3 {[%clk 00:29:40]} {[%emt 00:04:19]} Bc3 {[%clk 00:14:20]} {[%emt 00:03:08]}
31. Bd2 {[%clk 00:27:44]} {[%emt 00:02:25]} Bd4+ {[%clk 00:12:23]} {[%emt
00:02:28]} 32. Kf1 {[%clk 00:25:21]} {[%emt 00:02:53]} a6 {[%clk 00:05:56]}
{[%emt 00:06:57]} 33. Re1 {[%clk 00:23:38]} {[%emt 00:02:12]} Rd8 {[%clk
00:03:38]} {[%emt 00:02:49]} 34. Be3 {[%clk 00:18:31]} {[%emt 00:05:37]} Bc3
{[%clk 00:02:21]} {[%emt 00:01:46]} 35. Rc1 {[%clk 00:18:35]} {[%emt 00:00:27]}
Nd5 {[%clk 00:01:22]} {[%emt 00:01:30]} 36. Bd2 {[%clk 00:13:59]} {[%emt
00:05:05]} Bxd2 {[%clk 00:00:59]} {[%emt 00:00:54]} 37. Nxd2 {[%clk 00:14:01]}
{[%emt 00:00:28]} Ne3+ {[%clk 00:00:42]} 38. Ke2 {[%clk 00:13:58]} {[%emt
00:01:19]} 1/2-1/2

[Event "DEM U12w 2025"]
[Site "Willingen GER"]
[Date "2025.06.09"]
[Round "3"]
[White "Tadic, Lena"]
[Black "Guruprasad, Aditi"]
[Result "0-1"]
[Termination "normal"]
[Board "15"]
[WhiteElo "1174"]
[BlackElo "1495"]
[WhiteClock "00:40:58"]
[BlackClock "00:22:27"]
[PlyCount "90"]
[WhiteFideId "34687300"]
[BlackFideId "533043280"]
[EventCountry "GER"]
[EventRounds "9"]
[EventType "swiss"]
[EventDate "2025.06.07"]

1. e4 {[%clk 01:30:57]} {[%emt 00:00:01]} c6 {[%clk 01:30:58]} {[%emt
00:00:04]} 2. d4 {[%clk 01:31:19]} {[%emt 00:00:06]} d5 {[%clk 01:31:25]}
{[%emt 00:00:04]} 3. exd5 {[%clk 01:31:38]} {[%emt 00:00:11]} cxd5 {[%clk
01:31:49]} {[%emt 00:00:06]} 4. Bd3 {[%clk 01:31:57]} {[%emt 00:00:10]} Nc6
{[%clk 01:32:14]} {[%emt 00:00:06]} 5. c3 {[%clk 01:32:18]} {[%emt 00:00:08]}
Qc7 {[%clk 01:32:34]} {[%emt 00:00:11]} 6. h3 {[%clk 01:32:10]} {[%emt
00:00:37]} Nf6 {[%clk 01:32:58]} {[%emt 00:00:07]} 7. Nf3 {[%clk 01:32:05]}
{[%emt 00:00:34]} g6 {[%clk 01:33:21]} {[%emt 00:00:08]} 8. O-O {[%clk
01:32:04]} {[%emt 00:00:30]} Bf5 {[%clk 01:33:48]} {[%emt 00:00:04]} 9. Qc2
{[%clk 01:31:22]} {[%emt 00:01:11]} Bxd3 {[%clk 01:32:32]} {[%emt 00:01:47]}
10. Qxd3 {[%clk 01:30:17]} {[%emt 00:01:35]} Bg7 {[%clk 01:32:44]} {[%emt
00:00:18]} 11. Bg5 {[%clk 01:29:43]} {[%emt 00:01:02]} O-O {[%clk 01:32:33]}
{[%emt 00:00:43]} 12. Nbd2 {[%clk 01:29:14]} {[%emt 00:00:58]} e6 {[%clk
01:29:52]} {[%emt 00:03:12]} 13. Rfe1 {[%clk 01:27:33]} {[%emt 00:02:10]} Rab8
{[%clk 01:28:57]} {[%emt 00:01:26]} 14. Qe3 {[%clk 01:24:23]} {[%emt 00:03:39]}
Qc8 {[%clk 01:15:39]} {[%emt 00:13:45]} 15. Bf4 {[%clk 01:20:26]} {[%emt
00:04:29]} Ra8 {[%clk 01:12:42]} {[%emt 00:03:29]} 16. Ne5 {[%clk 01:20:38]}
{[%emt 00:00:18]} Nd7 {[%clk 01:10:48]} {[%emt 00:02:23]} 17. Ndf3 {[%clk
01:17:17]} {[%emt 00:03:51]} Ndxe5 {[%clk 01:00:25]} {[%emt 00:10:53]} 18. Nxe5
{[%clk 01:17:32]} {[%emt 00:00:14]} Re8 {[%clk 00:56:31]} {[%emt 00:04:25]} 19.
Nxc6 {[%clk 01:06:08]} {[%emt 00:11:54]} Qxc6 {[%clk 00:51:06]} {[%emt
00:05:55]} 20. Qd3 {[%clk 00:58:44]} {[%emt 00:07:54]} b5 {[%clk 00:46:08]}
{[%emt 00:05:29]} 21. Rec1 {[%clk 00:51:10]} {[%emt 00:08:01]} Qc4 {[%clk
00:42:55]} {[%emt 00:03:44]} 22. Qxc4 {[%clk 00:51:04]} {[%emt 00:00:37]} bxc4
{[%clk 00:40:31]} {[%emt 00:02:54]} 23. Re1 {[%clk 00:49:59]} {[%emt 00:01:34]}
Rad8 {[%clk 00:38:40]} {[%emt 00:02:23]} 24. f3 {[%clk 00:47:28]} {[%emt
00:03:00]} Bf8 {[%clk 00:35:53]} {[%emt 00:03:17]} 25. Be5 {[%clk 00:43:54]}
{[%emt 00:04:04]} Bd6 {[%clk 00:35:52]} {[%emt 00:00:31]} 26. Bxd6 {[%clk
00:43:53]} {[%emt 00:00:32]} Rxd6 {[%clk 00:36:15]} {[%emt 00:00:06]} 27. Kf2
{[%clk 00:44:02]} {[%emt 00:00:20]} Rb8 {[%clk 00:36:18]} {[%emt 00:00:29]} 28.
Re2 {[%clk 00:44:04]} {[%emt 00:00:26]} Rdb6 {[%clk 00:36:37]} {[%emt
00:00:12]} 29. Rb1 {[%clk 00:44:21]} {[%emt 00:00:13]} a5 {[%clk 00:36:23]}
{[%emt 00:00:44]} 30. a4 {[%clk 00:44:32]} {[%emt 00:00:18]} Rb3 {[%clk
00:36:31]} {[%emt 00:00:22]} 31. Rc2 {[%clk 00:43:32]} {[%emt 00:01:28]} Ra3
{[%clk 00:32:26]} {[%emt 00:04:36]} 32. bxa3 {[%clk 00:43:40]} {[%emt
00:00:23]} Rxb1 {[%clk 00:32:47]} {[%emt 00:00:10]} 33. Ra2 {[%clk 00:41:23]}
{[%emt 00:02:46]} Rb3 {[%clk 00:33:08]} {[%emt 00:00:08]} 34. Ke2 {[%clk
00:41:41]} {[%emt 00:00:13]} Rxc3 {[%clk 00:33:14]} {[%emt 00:00:24]} 35. Kd1
{[%clk 00:41:44]} {[%emt 00:00:27]} Rd3+ {[%clk 00:33:31]} {[%emt 00:00:13]}
36. Rd2 {[%clk 00:42:03]} {[%emt 00:00:11]} Rxa3 {[%clk 00:33:48]} {[%emt
00:00:14]} 37. Ke2 {[%clk 00:42:20]} {[%emt 00:00:12]} Rxa4 {[%clk 00:33:34]}
{[%emt 00:00:44]} 38. Rb2 {[%clk 00:42:00]} {[%emt 00:00:46]} Kg7 {[%clk
00:29:48]} {[%emt 00:04:20]} 39. Kd2 {[%clk 00:41:40]} {[%emt 00:00:49]} Ra3
{[%clk 00:29:41]} {[%emt 00:00:38]} 40. Rc2 {[%clk 00:41:56]} {[%emt 00:00:14]}
Rd3+ {[%clk 00:29:53]} {[%emt 00:00:17]} 41. Ke2 {[%clk 00:42:15]} {[%emt
00:00:12]} Rxd4 {[%clk 00:27:55]} {[%emt 00:02:28]} 42. Ra2 {[%clk 00:42:32]}
{[%emt 00:00:13]} c3 {[%clk 00:27:09]} {[%emt 00:01:16]} 43. Ke1 {[%clk
00:42:05]} {[%emt 00:00:56]} Rc4 {[%clk 00:27:08]} {[%emt 00:00:31]} 44. Rc2
{[%clk 00:40:42]} {[%emt 00:01:53]} d4 {[%clk 00:25:08]} {[%emt 00:02:31]} 45.
Ke2 {[%clk 00:40:58]} {[%emt 00:00:15]} Rb4 {[%clk 00:22:27]} {[%emt 00:03:11]}
0-1

[Event "DEM U12w 2025"]
[Site "Willingen GER"]
[Date "2025.06.09"]
[Round "3"]
[White "Preißler, Enie"]
[Black "Naz Öksüz, Meryem"]
[Result "0-1"]
[Termination "normal"]
[Board "16"]
[WhiteElo "1113"]
[BlackElo "1393"]
[WhiteClock "00:31:26"]
[BlackClock "01:30:13"]
[PlyCount "142"]
[WhiteFideId "533039151"]
[BlackFideId "533025860"]
[EventCountry "GER"]
[EventRounds "9"]
[EventType "swiss"]
[EventDate "2025.06.07"]

1. d4 {[%clk 01:30:59]} Nf6 {[%clk 01:30:44]} {[%emt 00:00:17]} 2. e3 {[%clk
01:31:05]} {[%emt 00:00:24]} g6 {[%clk 01:31:04]} {[%emt 00:00:09]} 3. Bd3
{[%clk 01:31:26]} {[%emt 00:00:08]} Bg7 {[%clk 01:31:25]} {[%emt 00:00:10]} 4.
f4 {[%clk 01:31:44]} {[%emt 00:00:12]} d6 {[%clk 01:31:38]} {[%emt 00:00:17]}
5. Nf3 {[%clk 01:31:02]} {[%emt 00:01:12]} O-O {[%clk 01:31:41]} {[%emt
00:00:28]} 6. O-O {[%clk 01:29:50]} {[%emt 00:01:40]} Nfd7 {[%clk 01:31:52]}
{[%emt 00:00:20]} 7. Nbd2 {[%clk 01:17:34]} {[%emt 00:12:46]} e5 {[%clk
01:31:56]} {[%emt 00:00:26]} 8. fxe5 {[%clk 01:16:32]} {[%emt 00:01:32]} dxe5
{[%clk 01:32:24]} {[%emt 00:00:02]} 9. dxe5 {[%clk 01:16:38]} {[%emt 00:00:24]}
Nxe5 {[%clk 01:32:38]} {[%emt 00:00:17]} 10. Nxe5 {[%clk 01:16:49]} {[%emt
00:00:18]} Bxe5 {[%clk 01:33:06]} {[%emt 00:00:02]} 11. Nf3 {[%clk 01:13:11]}
{[%emt 00:04:08]} Bg7 {[%clk 01:33:25]} {[%emt 00:00:10]} 12. Bc4 {[%clk
01:08:25]} {[%emt 00:05:17]} Qxd1 {[%clk 01:33:23]} {[%emt 00:00:33]} 13. Rxd1
{[%clk 01:08:39]} {[%emt 00:00:15]} Bg4 {[%clk 01:33:39]} {[%emt 00:00:14]} 14.
Rf1 {[%clk 01:08:15]} {[%emt 00:00:54]} Nc6 {[%clk 01:33:42]} {[%emt 00:00:28]}
15. Rb1 {[%clk 01:06:18]} {[%emt 00:02:27]} Bxf3 {[%clk 01:33:34]} {[%emt
00:00:38]} 16. Rxf3 {[%clk 01:05:10]} {[%emt 00:01:37]} Ne5 {[%clk 01:33:53]}
{[%emt 00:00:11]} 17. Rf4 {[%clk 01:03:45]} {[%emt 00:01:55]} Kh8 {[%clk
01:32:06]} {[%emt 00:02:17]} 18. e4 {[%clk 00:59:52]} {[%emt 00:04:23]} Nxc4
{[%clk 01:32:23]} {[%emt 00:00:13]} 19. b3 {[%clk 00:58:03]} {[%emt 00:02:19]}
Nb6 {[%clk 01:32:30]} {[%emt 00:00:24]} 20. Ba3 {[%clk 00:58:08]} {[%emt
00:00:25]} Rfe8 {[%clk 01:32:17]} {[%emt 00:00:36]} 21. Rxf7 {[%clk 00:57:35]}
{[%emt 00:01:09]} Rxe4 {[%clk 01:30:57]} {[%emt 00:01:50]} 22. Rxc7 {[%clk
00:57:43]} {[%emt 00:00:22]} Re2 {[%clk 01:29:57]} {[%emt 00:01:28]} 23. h3
{[%clk 00:54:58]} {[%emt 00:03:17]} Rc8 {[%clk 01:28:57]} {[%emt 00:01:28]} 24.
Rxb7 {[%clk 00:53:20]} {[%emt 00:02:08]} Rcxc2 {[%clk 01:28:11]} {[%emt
00:01:19]} 25. Rd1 {[%clk 00:50:17]} {[%emt 00:03:32]} Rxg2+ {[%clk 01:27:56]}
{[%emt 00:00:45]} 26. Kh1 {[%clk 00:50:41]} {[%emt 00:00:07]} h5 {[%emt
00:02:29]} 27. Rd8+ {[%clk 00:47:35]} {[%emt 00:02:20]} Kh7 {[%clk 01:27:37]}
{[%emt 00:00:05]} 28. Bf8 {[%clk 00:44:26]} {[%emt 00:03:37]} Kh6 {[%clk
01:25:17]} {[%emt 00:02:52]} 29. Bxg7+ {[%clk 00:43:44]} {[%emt 00:01:13]} Kg5
{[%clk 01:25:45]} {[%emt 00:00:02]} 30. Rxa7 {[%clk 00:41:08]} {[%emt
00:02:50]} Rh2+ {[%clk 01:24:53]} {[%emt 00:01:37]} 31. Kg1 {[%clk 00:41:32]}
{[%emt 00:00:06]} Rxh3 {[%clk 01:25:00]} {[%emt 00:00:23]} 32. Ra5+ {[%clk
00:41:18]} {[%emt 00:00:44]} Kf4 {[%clk 01:25:15]} {[%emt 00:00:15]} 33. Rf8+
{[%clk 00:39:39]} {[%emt 00:02:09]} Kg4 {[%clk 01:25:06]} {[%emt 00:00:39]} 34.
Rf6 {[%clk 00:37:31]} {[%emt 00:02:38]} Rg3+ {[%clk 01:23:40]} {[%emt
00:01:55]} 35. Kf1 {[%clk 00:37:25]} {[%emt 00:00:37]} Rc1+ {[%clk 01:23:43]}
{[%emt 00:00:27]} 36. Kf2 {[%clk 00:36:42]} {[%emt 00:01:14]} Rc2+ {[%clk
01:23:55]} {[%emt 00:00:17]} 37. Kf1 {[%clk 00:36:38]} {[%emt 00:00:35]} Rc1+
{[%clk 01:24:04]} {[%emt 00:00:21]} 38. Ke2 {[%clk 00:35:44]} {[%emt 00:01:25]}
Rg2+ {[%clk 01:24:05]} {[%emt 00:00:27]} 39. Kd3 {[%clk 00:33:14]} {[%emt
00:03:00]} Rd1+ {[%clk 01:24:27]} {[%emt 00:00:08]} 40. Ke3 {[%clk 00:32:37]}
{[%emt 00:01:07]} Nd5+ {[%clk 01:24:20]} {[%emt 00:00:37]} 41. Rxd5 {[%clk
00:32:01]} {[%emt 00:01:06]} Rxd5 {[%clk 01:24:43]} {[%emt 00:00:08]} 42. Rxg6+
{[%clk 00:32:13]} {[%emt 00:00:17]} Rg5 {[%clk 01:24:57]} {[%emt 00:00:15]} 43.
Rxg5+ {[%clk 00:31:38]} {[%emt 00:01:05]} Kxg5 {[%clk 01:25:15]} {[%emt
00:00:14]} 44. b4 {[%clk 00:31:01]} {[%emt 00:01:07]} Rxa2 {[%clk 01:25:07]}
{[%emt 00:00:38]} 45. Kd4 {[%clk 00:31:22]} {[%emt 00:00:08]} h4 {[%clk
01:25:28]} {[%emt 00:00:09]} 46. Bf8 {[%clk 00:31:12]} {[%emt 00:00:40]} h3
{[%clk 01:25:41]} {[%emt 00:00:17]} 47. Bd6 {[%clk 00:31:35]} {[%emt 00:00:06]}
Rd2+ {[%clk 01:26:04]} {[%emt 00:00:08]} 48. Kc5 {[%clk 00:31:35]} {[%emt
00:00:30]} Rxd6 {[%clk 01:26:23]} {[%emt 00:00:12]} 49. Kxd6 {[%clk 00:31:50]}
{[%emt 00:00:15]} h2 {[%clk 01:26:05]} {[%emt 00:00:01]} 50. b5 {[%clk
00:31:30]} {[%emt 00:01:36]} h1=Q {[%clk 01:26:04]} {[%emt 00:00:07]} 51. b6
{[%clk 00:31:58]} {[%emt 00:00:26]} Qd1+ {[%clk 01:26:31]} {[%emt 00:00:03]}
52. Kc6 {[%clk 00:32:19]} {[%emt 00:00:08]} Qc2+ {[%clk 01:26:56]} {[%emt
00:00:06]} 53. Kb7 {[%clk 00:32:35]} {[%emt 00:00:14]} Kf6 {[%clk 01:27:18]}
{[%emt 00:00:07]} 54. Kb8 {[%clk 00:32:15]} {[%emt 00:00:51]} Qh2+ {[%clk
01:26:53]} {[%emt 00:00:54]} 55. Ka8 {[%clk 00:32:32]} {[%emt 00:00:13]} Qa2+
{[%clk 01:27:03]} {[%emt 00:00:21]} 56. Kb8 {[%clk 00:32:55]} {[%emt 00:00:07]}
Qg8+ {[%clk 01:27:25]} {[%emt 00:00:08]} 57. Ka7 {[%clk 00:32:59]} {[%emt
00:00:27]} Qf7+ {[%clk 01:27:41]} {[%emt 00:00:13]} 58. b7 {[%clk 00:32:46]}
{[%emt 00:00:42]} Qa2+ {[%clk 01:27:53]} {[%emt 00:00:18]} 59. Kb8 {[%clk
00:33:06]} {[%emt 00:00:09]} Ke7 {[%clk 01:28:15]} {[%emt 00:00:08]} 60. Kc7
{[%clk 00:32:57]} {[%emt 00:00:39]} Qh2+ {[%clk 01:27:18]} {[%emt 00:00:46]}
61. Kc8 {[%clk 00:32:49]} {[%emt 00:01:20]} Qh8+ {[%clk 01:27:33]} {[%emt
00:00:14]} 62. Kc7 {[%clk 00:33:11]} {[%emt 00:00:10]} Qd8+ {[%clk 01:27:59]}
{[%emt 00:00:03]} 63. Kc6 {[%clk 00:33:16]} {[%emt 00:00:25]} Qb8 {[%clk
01:28:06]} {[%emt 00:00:20]} 64. Kb6 {[%clk 00:31:39]} {[%emt 00:02:09]} Kd6
{[%clk 01:28:25]} {[%emt 00:00:10]} 65. Ka6 {[%clk 00:31:15]} {[%emt 00:00:56]}
Kc6 {[%clk 01:28:40]} {[%emt 00:00:10]} 66. Ka5 {[%clk 00:31:10]} {[%emt
00:00:40]} Qxb7 {[%clk 01:29:02]} {[%emt 00:00:09]} 67. Ka4 {[%clk 00:31:34]}
{[%emt 00:00:05]} Qb5+ {[%clk 01:29:23]} {[%emt 00:00:08]} 68. Ka3 {[%clk
00:31:56]} {[%emt 00:00:08]} Kc5 {[%clk 01:29:48]} {[%emt 00:00:06]} 69. Ka2
{[%clk 00:32:22]} {[%emt 00:00:04]} Kc4 {[%clk 01:30:03]} {[%emt 00:00:15]} 70.
Ka1 {[%clk 00:32:44]} {[%emt 00:00:08]} Kc3 {[%clk 01:30:13]} {[%emt 00:00:20]}
71. Ka2 {[%clk 00:31:26]} {[%emt 00:01:48]} Qb2# {[%emt 00:00:02]} 0-1

[Event "DEM U12w 2025"]
[Site "Willingen GER"]
[Date "2025.06.09"]
[Round "3"]
[White "Bacakova, Klara"]
[Black "Georgieva, Teodora"]
[Result "1-0"]
[Termination "normal"]
[Board "17"]
[WhiteElo "1571"]
[BlackElo "1124"]
[WhiteClock "00:21:54"]
[BlackClock "00:20:45"]
[PlyCount "113"]
[WhiteFideId "34605762"]
[BlackFideId "34679375"]
[EventCountry "GER"]
[EventRounds "9"]
[EventType "swiss"]
[EventDate "2025.06.07"]

1. e4 {[%clk 01:30:57]} {[%emt 00:00:03]} e5 {[%clk 01:30:53]} {[%emt
00:00:07]} 2. Nf3 {[%clk 01:31:22]} {[%emt 00:00:05]} Nc6 {[%clk 01:31:18]}
{[%emt 00:00:06]} 3. Bc4 {[%clk 01:31:45]} {[%emt 00:00:06]} Bc5 {[%clk
01:31:40]} {[%emt 00:00:08]} 4. c3 {[%clk 01:32:10]} {[%emt 00:00:05]} Nf6
{[%clk 01:31:55]} {[%emt 00:00:16]} 5. d3 {[%clk 01:32:35]} {[%emt 00:00:04]}
O-O {[%clk 01:32:16]} {[%emt 00:00:10]} 6. O-O {[%clk 01:32:58]} {[%emt
00:00:06]} d5 {[%clk 01:31:37]} {[%emt 00:01:10]} 7. exd5 {[%clk 01:33:21]}
{[%emt 00:00:06]} Nxd5 {[%clk 01:31:59]} {[%emt 00:00:08]} 8. Re1 {[%clk
01:33:25]} {[%emt 00:00:26]} Re8 {[%clk 01:32:18]} {[%emt 00:00:12]} 9. b4
{[%clk 01:29:36]} {[%emt 00:04:18]} Bb6 {[%clk 01:29:44]} {[%emt 00:03:05]} 10.
b5 {[%clk 01:25:14]} {[%emt 00:04:52]} Na5 {[%clk 01:26:35]} {[%emt 00:03:38]}
11. Rxe5 {[%clk 01:17:25]} {[%emt 00:08:20]} Nxc4 {[%clk 01:24:58]} {[%emt
00:02:07]} 12. dxc4 {[%clk 01:17:20]} {[%emt 00:00:35]} Rxe5 {[%clk 01:14:29]}
{[%emt 00:10:59]} 13. Nxe5 {[%clk 01:16:49]} {[%emt 00:01:00]} Qf6 {[%clk
00:37:33]} {[%emt 00:37:27]} 14. Nf3 {[%clk 01:14:22]} {[%emt 00:02:56]} Bg4
{[%clk 00:31:20]} {[%emt 00:06:43]} 15. cxd5 {[%clk 01:11:44]} {[%emt
00:03:09]} Re8 {[%clk 00:30:22]} {[%emt 00:01:28]} 16. Bd2 {[%clk 00:55:47]}
{[%emt 00:16:27]} Re5 {[%clk 00:28:59]} {[%emt 00:01:52]} 17. c4 {[%clk
00:42:18]} {[%emt 00:14:00]} Rxd5 {[%clk 00:22:57]} {[%emt 00:06:31]} 18. cxd5
{[%clk 00:41:26]} {[%emt 00:01:23]} Qxa1 {[%clk 00:23:12]} {[%emt 00:00:15]}
19. Nc3 {[%clk 00:29:44]} {[%emt 00:12:12]} Qb2 {[%clk 00:22:45]} {[%emt
00:00:57]} 20. Qc1 {[%clk 00:29:36]} {[%emt 00:00:37]} Qb4 {[%clk 00:21:51]}
{[%emt 00:01:24]} 21. Qe1 {[%clk 00:28:02]} {[%emt 00:02:05]} Bd7 {[%clk
00:19:37]} {[%emt 00:02:45]} 22. Ne5 {[%clk 00:24:33]} {[%emt 00:03:58]} Bxb5
{[%clk 00:17:11]} {[%emt 00:02:56]} 23. Nc6 {[%clk 00:19:46]} {[%emt 00:05:17]}
bxc6 {[%clk 00:17:10]} {[%emt 00:00:31]} 24. Nxb5 {[%clk 00:19:35]} {[%emt
00:00:42]} Qc5 {[%clk 00:16:09]} {[%emt 00:01:29]} 25. Qe8+ {[%clk 00:19:21]}
{[%emt 00:00:45]} Qf8 {[%clk 00:16:26]} {[%emt 00:00:13]} 26. Qxf8+ {[%clk
00:18:45]} {[%emt 00:01:06]} Kxf8 {[%clk 00:16:31]} {[%emt 00:00:25]} 27. dxc6
{[%clk 00:18:58]} {[%emt 00:00:17]} Ke7 {[%clk 00:16:49]} {[%emt 00:00:11]} 28.
Be3 {[%clk 00:18:30]} {[%emt 00:00:59]} Kd8 {[%clk 00:16:40]} {[%emt 00:00:39]}
29. Bxb6 {[%clk 00:18:28]} {[%emt 00:00:32]} axb6 {[%clk 00:16:57]} {[%emt
00:00:12]} 30. Kf1 {[%clk 00:18:31]} {[%emt 00:00:27]} Kc8 {[%clk 00:16:32]}
{[%emt 00:00:56]} 31. Ke2 {[%clk 00:18:52]} {[%emt 00:00:09]} Kd8 {[%clk
00:16:55]} {[%emt 00:00:07]} 32. Ke3 {[%clk 00:19:12]} {[%emt 00:00:10]} Kc8
{[%clk 00:17:11]} {[%emt 00:00:13]} 33. Ke4 {[%clk 00:19:35]} {[%emt 00:00:07]}
Kd8 {[%clk 00:17:32]} {[%emt 00:00:10]} 34. f4 {[%clk 00:19:42]} {[%emt
00:00:23]} Kc8 {[%clk 00:17:48]} {[%emt 00:00:14]} 35. g4 {[%clk 00:20:00]}
{[%emt 00:00:11]} Kd8 {[%clk 00:18:11]} {[%emt 00:00:08]} 36. h4 {[%clk
00:20:26]} {[%emt 00:00:04]} Kc8 {[%clk 00:18:32]} {[%emt 00:00:09]} 37. Ke5
{[%clk 00:20:23]} {[%emt 00:00:32]} Kd8 {[%clk 00:18:40]} {[%emt 00:00:23]} 38.
g5 {[%clk 00:19:45]} {[%emt 00:01:08]} Kc8 {[%clk 00:18:29]} {[%emt 00:00:41]}
39. f5 {[%clk 00:19:44]} {[%emt 00:00:31]} Kd8 {[%clk 00:18:38]} {[%emt
00:00:21]} 40. h5 {[%clk 00:19:31]} {[%emt 00:00:42]} Kc8 {[%clk 00:19:01]}
{[%emt 00:00:08]} 41. g6 {[%clk 00:19:50]} {[%emt 00:00:10]} hxg6 {[%clk
00:19:19]} {[%emt 00:00:12]} 42. hxg6 {[%clk 00:19:01]} {[%emt 00:01:20]} Kd8
{[%clk 00:17:01]} {[%emt 00:02:48]} 43. gxf7 {[%clk 00:18:40]} {[%emt
00:00:51]} Ke7 {[%clk 00:17:21]} {[%emt 00:00:10]} 44. Nxc7 {[%clk 00:18:53]}
{[%emt 00:00:16]} Kxf7 {[%clk 00:17:43]} {[%emt 00:00:09]} 45. Nb5 {[%clk
00:19:07]} {[%emt 00:00:16]} Ke7 {[%clk 00:18:08]} {[%emt 00:00:05]} 46. c7
{[%clk 00:19:32]} {[%emt 00:00:05]} Kd7 {[%clk 00:18:33]} {[%emt 00:00:05]} 47.
Kf4 {[%clk 00:19:41]} {[%emt 00:00:20]} Kc8 {[%clk 00:18:45]} {[%emt 00:00:19]}
48. Kg5 {[%clk 00:20:01]} {[%emt 00:00:10]} Kd7 {[%clk 00:18:55]} {[%emt
00:00:19]} 49. Kg6 {[%clk 00:20:25]} {[%emt 00:00:06]} Kc8 {[%clk 00:19:19]}
{[%emt 00:00:06]} 50. Kxg7 {[%clk 00:20:50]} {[%emt 00:00:05]} Kb7 {[%clk
00:18:46]} {[%emt 00:01:03]} 51. f6 {[%clk 00:21:12]} {[%emt 00:00:08]} Kc8
{[%clk 00:19:05]} {[%emt 00:00:11]} 52. f7 {[%clk 00:21:37]} {[%emt 00:00:05]}
Kb7 {[%clk 00:19:24]} {[%emt 00:00:10]} 53. c8=Q+ {[%clk 00:21:19]} {[%emt
00:00:49]} Kxc8 {[%clk 00:19:45]} {[%emt 00:00:09]} 54. f8=Q+ {[%clk 00:21:43]}
{[%emt 00:00:07]} Kb7 {[%clk 00:20:04]} {[%emt 00:00:10]} 55. Qf3+ {[%clk
00:21:32]} {[%emt 00:00:41]} Ka6 {[%clk 00:20:25]} {[%emt 00:00:09]} 56. Nc7+
{[%clk 00:21:36]} {[%emt 00:00:26]} Ka7 {[%clk 00:20:45]} {[%emt 00:00:10]} 57.
Qa8# {[%clk 00:21:54]} {[%emt 00:00:12]} 1-0